[Event "XI Paracin Festival 2018"]
[Site "Paracin"]
[Date "2018.07.12"]
[Round "8"]
[White "Lajthajm, Borko"]
[Black "Sredojevic, Ivan"]
[Result "1/2-1/2"]
[WhiteElo "2422"]
[BlackElo "2298"]
[Annotator "TA"]
[PlyCount "53"]
[EventDate "2018.07.06"]
[EventType "swiss"]
[EventCountry "SRB"]
[SourceTitle "playchess.com"]
[Source "ChessBase"]
[SourceQuality "1"]

{[%evp 28,53,0,0,0,-15,0,-11,0,-10,0,-36,-38,-67,-52,-71,-54,-35,-27,-45,-31,-45,-29,-122,-115,-130,-102,-170]} 1. d4 Nf6 2. c4 e6 3. Nf3 d5 4. Nc3 c5 5. cxd5 Nxd5 6. e4 Nxc3 7. bxc3 cxd4 8. cxd4 Bb4+ 9. Bd2 Bxd2+ 10. Qxd2 O-O 11. Bc4 Nd7 12. O-O {D41: Queen's Gambit Declined: Semi-Tarrasch with 5 cxd5} b6 13. Rac1 (13. Rfe1 Bb7 14. Rad1 Rc8 15. Bb3 Re8 16. h4 h6 17. Qf4 Qc7 18. Qxc7 Rxc7 19. d5 Nc5 20. d6 Rd7 21. Bc4 a6 22. e5 {1-0 (51) Vachier Lagrave,M (2789)-Giri,A (2782) Leuven 2018}) 13... Bb7 14. Qf4 Rc8 15. Bd3 {LiveBook: 6 Games} Qe7 16. h4 h6 17. Rfe1 Rfd8 18. Bb1 Nf6 19. Rxc8 $146 ({Predecessor:} 19. d5 exd5 20. e5 Nd7 21. Rxc8 Rxc8 {½-½ (64) Valdes,R (2127)-Guillen Ramirez,J (2301) Panama 2006}) 19... Rxc8 20. d5 exd5 21. exd5 Qc5 ({Much worse is} 21... Nxd5 22. Qf5 $11) 22. d6 Rd8 23. Rd1 $1 Bd5 24. Rc1 $1 {[%cal Rc1c5]} Qa3 25. d7 (25. Nd4 $11) 25... Nxd7 $17 26. Qc7 Nf8 {[#] aiming for ...Ne6.} 27. Re1 {Precision: White = 30%, Black = 61%.} (27. Rc3 $17 Qd6 28. Qxd6 Rxd6 29. Kh2) 1/2-1/2

[Event "XI Paracin Festival 2018"]
[Site "Paracin"]
[Date "2018.07.12"]
[Round "8"]
[White "McPhillips, Joseph"]
[Black "Kosic, Dragan"]
[Result "0-1"]
[WhiteElo "2402"]
[BlackElo "2463"]
[Annotator "TA"]
[PlyCount "66"]
[EventDate "2018.07.06"]
[EventType "swiss"]
[EventCountry "SRB"]
[SourceTitle "playchess.com"]
[Source "ChessBase"]
[SourceQuality "1"]

{[%evp 25,66,37,38,48,28,0,12,-23,-22,-26,6,-95,-75,-117,-85,-98,-108,-106,-116,-113,-78,-92,-83,-138,-122,-225,-222,-217,-235,-266,-266,-306,-297,-513,-527,-757,-752,-752,-753,-879,-833,-29993,-905]} 1. e4 e6 2. d4 d5 3. Nc3 Nf6 4. e5 Nfd7 5. f4 c5 6. Nf3 Nc6 7. Be3 Be7 8. Qd2 O-O 9. dxc5 Nxc5 {C11: French: Classical System: 4 e5 and 4 Bg5 dxe4} (9... Qa5 10. a3 Bxc5 11. O-O-O Rd8 12. Bxc5 Nxc5 13. h4 Bd7 14. h5 h6 15. g4 Be8 16. Qe3 d4 17. Nxd4 Nxd4 18. Rxd4 {½-½ (26) Inarkiev,E (2689)-Volkov,S (2645) St Petersburg 2017}) 10. O-O-O a6 11. Qf2 Qa5 12. Kb1 Na4 13. Nxa4 Qxa4 {LiveBook: 3 Games} 14. Nd4 Bd7 {[#]} 15. b3 $146 ({Predecessor:} 15. g4 f6 16. exf6 Bxf6 17. Bg2 {½-½ (50) Frolyanov,D (2577)-Tsydypov,Z (2402) Moscow 2014}) 15... Qa3 16. Nxc6 bxc6 {[%cal Bb7c6,Bc6c5][%mdl 32]} 17. Bd3 c5 18. Qe1 (18. f5 $11 {keeps the balance.} exf5 19. Bxf5) 18... a5 19. c3 Rfb8 {White must now prevent ...Rxb3+!} 20. Ka1 {Bc1 is the strong threat.} c4 21. Bc1 Qc5 22. bxc4 Ba4 23. Be3 Qc7 $40 {[%mdl 128] White is in trouble.} 24. Rd2 (24. Rb1 $142) 24... dxc4 $17 25. Be4 (25. Be2 $17 {was worth a try.}) 25... Bc6 $19 26. Bxc6 Qxc6 27. Qe2 {[#]} Ba3 $1 28. Rhd1 h6 29. Qf1 $2 (29. f5 exf5 30. Bf4) 29... Rb7 30. f5 Rab8 31. fxe6 Qxe6 32. Rd8+ Kh7 {( -> ...Bb2+)} 33. Ba7 Bb2+ {Precision: White = 32%, Black = 94%.} (33... Qxe5 $142 34. Qf3 Bb2+ 35. Kb1 {[#]} Bc1+ $1 {[%mdl 512]} 36. Bb6 Rxb6+ 37. Kc2 Rb2+ 38. Kxc1 Rb1+ 39. Kd2 R8b2#) 0-1

[Event "XI Paracin Festival 2018"]
[Site "Paracin"]
[Date "2018.07.12"]
[Round "8"]
[White "Brankovic, Dejan"]
[Black "Uzumcu, Ahmet Utku"]
[Result "1-0"]
[WhiteElo "2377"]
[BlackElo "2261"]
[Annotator "NA"]
[PlyCount "55"]
[EventDate "2018.07.06"]
[EventType "swiss"]
[EventCountry "SRB"]
[SourceTitle "playchess.com"]
[Source "ChessBase"]
[SourceQuality "1"]
[TimeControl "5400+30"]

1. e4 {[%emt 0:00:00]} c5 {[%emt 0:00:00]} 2. Nf3 {[%emt 0:00:00]} d6 {[%emt 0:00:00]} 3. d4 {[%emt 0:00:05]} cxd4 {[%emt 0:00:00]} 4. Nxd4 {[%emt 0:00:04]} Nf6 {[%emt 0:00:08]} 5. Nc3 {[%emt 0:00:07]} a6 {[%emt 0:00:09]} 6. Bg5 {[%emt 0:02:15]} Nbd7 {[%emt 0:01:14]} 7. Bc4 {[%emt 0:02:12]} Qb6 {[%emt 0:01:22]} 8. O-O {[%emt 0:03:42]} Qxb2 {[%emt 0:11:00]} 9. Nd5 {[%emt 0:00:32]} Nxd5 {[%emt 0:06:38]} 10. Rb1 {[%emt 0:04:02]} Qc3 {[%emt 0:03:13]} 11. Bxd5 {[%emt 0:00:07]} Qc7 {[%emt 0:06:02]} 12. f4 {[%emt 0:02:13]} e6 {[%emt 0:12:06]} 13. Re1 {[%emt 0:02:29]} Rb8 {[%emt 0:10:35]} 14. Kh1 {[%emt 0:23:02]} Nb6 {[%emt 0:12:39]} 15. Bh4 {[%emt 0:24:20]} Qc5 {[%emt 0:07:01]} 16. Bb3 {[%emt 0:10:02]} Qc7 {[%emt 0:06:23]} 17. a4 {[%emt 0:09:11]} Be7 {[%emt 0:03:47]} 18. Bxe7 {[%emt 0:00:30]} Qxe7 {[%emt 0:00:25]} 19. Nf5 {[%emt 0:01:06]} Qd8 {[%emt 0:03:18]} 20. Nxd6+ {[%emt 0:02:09]} Kf8 {[%emt 0:00:13]} 21. f5 {[%emt 0:01:30]} Qe7 {[%emt 0:01:44]} 22. fxe6 {[%emt 0:00:54]} fxe6 {[%emt 0:00:33]} 23. Rf1+ {[%emt 0:01:42]} Kg8 {[%emt 0:00:02]} 24. Nf5 {[%emt 0:01:08]} Qc7 {[%emt 0:00:41]} 25. a5 {[%emt 0:02:01]} Na8 {[%emt 0:00:09]} 26. Nh6+ {[%emt 0:02:09]} gxh6 {[%emt 0:00:17]} 27. Qg4+ {[%emt 0:00:02]} Qg7 {[%emt 0:00:09]} 28. Bxe6+ {[%emt 0:00:03]} 1-0

[Event "XI Paracin Festival 2018"]
[Site "Paracin"]
[Date "2018.07.12"]
[Round "8"]
[White "Martic, Ivan"]
[Black "Cvetkovic, Nemanja"]
[Result "1-0"]
[WhiteElo "2375"]
[BlackElo "2278"]
[Annotator "NA"]
[PlyCount "73"]
[EventDate "2018.07.06"]
[EventType "swiss"]
[EventCountry "SRB"]
[SourceTitle "playchess.com"]
[Source "ChessBase"]
[SourceQuality "1"]
[TimeControl "5400+30"]

1. e4 {[%emt 0:00:00]} c5 {[%emt 0:00:00]} 2. Nf3 {[%emt 0:00:00]} g6 {[%emt 0:00:00]} 3. d4 {[%emt 0:00:32]} cxd4 {[%emt 0:00:19]} 4. Nxd4 {[%emt 0:00:18]} Nf6 {[%emt 0:02:01]} 5. Nc3 {[%emt 0:00:43]} d6 {[%emt 0:01:26]} 6. Be2 {[%emt 0:00:23]} Bg7 {[%emt 0:00:24]} 7. O-O {[%emt 0:00:07]} O-O {[%emt 0:01:51]} 8. Bg5 {[%emt 0:02:10]} Nc6 {[%emt 0:04:06]} 9. Nb3 {[%emt 0:00:10]} Be6 {[%emt 0:05:54]} 10. Re1 {[%emt 0:00:22]} Nd7 {[%emt 0:05:10]} 11. Rb1 {[%emt 0:10:30]} Rc8 {[%emt 0:10:58]} 12. Nd5 {[%emt 0:07:52]} Re8 {[%emt 0:05:21]} 13. c3 {[%emt 0:07:03]} Nce5 {[%emt 0:06:11]} 14. Bf1 {[%emt 0:07:33]} Nb6 {[%emt 0:03:10]} 15. h3 {[%emt 0:02:06]} Nxd5 {[%emt 0:03:20]} 16. exd5 {[%emt 0:00:08]} Bf5 {[%emt 0:02:30]} 17. Ra1 {[%emt 0:02:09]} Qb6 {[%emt 0:09:15]} 18. Be3 {[%emt 0:02:12]} Qc7 {[%emt 0:00:44]} 19. Nd4 {[%emt 0:05:22]} Bd7 {[%emt 0:00:01]} 20. Nb5 {[%emt 0:02:10]} Bxb5 {[%emt 0:04:34]} 21. Bxb5 {[%emt 0:00:06]} Red8 {[%emt 0:01:07]} 22. Bd4 {[%emt 0:05:39]} a6 {[%emt 0:03:59]} 23. Bf1 {[%emt 0:00:35]} Re8 {[%emt 0:02:25]} 24. a4 {[%emt 0:14:07]} Nc4 {[%emt 0:02:48]} 25. Bxg7 {[%emt 0:02:35]} Kxg7 {[%emt 0:00:02]} 26. Re4 {[%emt 0:01:18]} Ne5 {[%emt 0:03:25]} 27. Qd4 {[%emt 0:05:49]} g5 {[%emt 0:03:52]} 28. h4 {[%emt 0:02:57]} f5 {[%emt 0:02:58]} 29. Re3 {[%emt 0:00:50]} f4 {[%emt 0:01:22]} 30. Re4 {[%emt 0:00:56]} h6 {[%emt 0:00:18]} 31. Rae1 {[%emt 0:01:04]} Qc5 {[%emt 0:02:09]} 32. Qd1 {[%emt 0:00:16]} Rf8 {[%emt 0:08:26]} 33. hxg5 {[%emt 0:03:31]} hxg5 {[%emt 0:00:01]} 34. Rxe5 {[%emt 0:00:38]} dxe5 {[%emt 0:00:07]} 35. Rxe5 {[%emt 0:00:41]} Rc6 {[%emt 0:04:53]} 36. Qh5 {[%emt 0:01:48]} Rh6 {[%emt 0:01:53]} 37. Rxg5+ {[%emt 0:00:20] Rhh8} 1-0

[Event "XI Paracin Festival 2018"]
[Site "Paracin"]
[Date "2018.07.12"]
[Round "8"]
[White "Harvey, Marcus R"]
[Black "Jocev, Milan"]
[Result "1-0"]
[WhiteElo "2362"]
[BlackElo "2256"]
[Annotator "NA"]
[PlyCount "131"]
[EventDate "2018.07.06"]
[EventType "swiss"]
[EventCountry "SRB"]
[SourceTitle "playchess.com"]
[Source "ChessBase"]
[SourceQuality "1"]
[TimeControl "5400+30"]

1. Nf3 {[%emt 0:00:55]} Nf6 {[%emt 0:00:00]} 2. b3 {[%emt 0:00:20]} g6 {[%emt 0:00:10]} 3. Bb2 {[%emt 0:00:07]} Bg7 {[%emt 0:00:21]} 4. e3 {[%emt 0:00:12]} d6 {[%emt 0:01:35]} 5. d4 {[%emt 0:00:08]} O-O {[%emt 0:00:30]} 6. Be2 {[%emt 0:00:15]} c5 {[%emt 0:00:29]} 7. O-O {[%emt 0:00:14]} Nc6 {[%emt 0:01:05]} 8. d5 {[%emt 0:00:26]} Nb4 {[%emt 0:00:59]} 9. c4 {[%emt 0:00:05]} e6 {[%emt 0:01:10]} 10. a3 {[%emt 0:00:18]} Na6 {[%emt 0:00:06]} 11. dxe6 {[%emt 0:03:07]} Bxe6 {[%emt 0:03:03]} 12. Ng5 {[%emt 0:00:07]} Bd7 {[%emt 0:02:14]} 13. Bf3 {[%emt 0:02:15]} Bc6 {[%emt 0:01:13]} 14. Nc3 {[%emt 0:02:36]} Nc7 {[%emt 0:02:31]} 15. Qe2 {[%emt 0:01:05]} Qe7 {[%emt 0:01:39]} 16. Rfd1 {[%emt 0:01:56]} Rad8 {[%emt 0:05:18]} 17. b4 {[%emt 0:00:50]} Nd7 {[%emt 0:08:19]} 18. b5 {[%emt 0:02:55]} Bxf3 {[%emt 0:02:42]} 19. Nxf3 {[%emt 0:00:48]} Nf6 {[%emt 0:00:39]} 20. Rac1 {[%emt 0:16:59]} d5 {[%emt 0:05:01]} 21. cxd5 {[%emt 0:00:39]} Nfxd5 {[%emt 0:00:59]} 22. Nxd5 {[%emt 0:00:05]} Nxd5 {[%emt 0:00:17]} 23. Bxg7 {[%emt 0:00:36]} Kxg7 {[%emt 0:00:07]} 24. Qb2+ {[%emt 0:00:24]} Kg8 {[%emt 0:02:41]} 25. h4 {[%emt 0:00:55]} h5 {[%emt 0:06:19]} 26. Qe5 {[%emt 0:00:43]} Qxe5 {[%emt 0:00:42]} 27. Nxe5 {[%emt 0:00:06]} Rfe8 {[%emt 0:00:39]} 28. Nc4 {[%emt 0:02:10]} b6 {[%emt 0:03:09]} 29. f3 {[%emt 0:00:32]} f6 {[%emt 0:03:56]} 30. Kf2 {[%emt 0:00:15]} g5 {[%emt 0:02:09]} 31. hxg5 {[%emt 0:00:17]} fxg5 {[%emt 0:00:05]} 32. a4 {[%emt 0:01:33]} Nb4 {[%emt 0:03:23]} 33. Ke2 {[%emt 0:08:35]} Nd5 {[%emt 0:04:22]} 34. Kf2 {[%emt 0:02:01]} Nb4 {[%emt 0:00:14]} 35. Ra1 {[%emt 0:01:59]} h4 {[%emt 0:02:12]} 36. Nd6 {[%emt 0:02:06]} Re6 {[%emt 0:03:25]} 37. Ne4 {[%emt 0:03:13]} Nd3+ {[%emt 0:04:37]} 38. Ke2 {[%emt 0:01:15]} c4 {[%emt 0:00:15]} 39. Nxg5 {[%emt 0:06:56]} Red6 {[%emt 0:01:39]} 40. Ne4 {[%emt 0:00:58]} Rg6 {[%emt 0:03:05]} 41. Rg1 {[%emt 0:00:32]} Kh8 {[%emt 0:01:03]} 42. a5 {[%emt 0:01:54]} Rdg8 {[%emt 0:01:36]} 43. axb6 {[%emt 0:01:10]} Rxb6 {[%emt 0:01:37]} 44. Rxa7 {[%emt 0:02:14]} Rxb5 {[%emt 0:00:43]} 45. f4 {[%emt 0:09:04]} Rg7 {[%emt 0:07:32]} 46. Ra8+ {[%emt 0:03:21]} Rg8 {[%emt 0:00:57]} 47. Rxg8+ {[%emt 0:01:43]} Kxg8 {[%emt 0:00:04]} 48. Rd1 {[%emt 0:00:54]} Rb2+ {[%emt 0:00:38]} 49. Rd2 {[%emt 0:00:14]} Rb1 {[%emt 0:00:10]} 50. Kf3 {[%emt 0:02:18]} Rf1+ {[%emt 0:00:55]} 51. Kg4 {[%emt 0:01:56]} Re1 {[%emt 0:00:14]} 52. Nd6 {[%emt 0:01:35]} Rg1 {[%emt 0:02:59]} 53. Nxc4 {[%emt 0:01:22]} Ne1 {[%emt 0:00:06]} 54. Kxh4 {[%emt 0:00:42]} Rxg2 {[%emt 0:01:29]} 55. Rxg2+ {[%emt 0:00:14]} Nxg2+ {[%emt 0:00:05]} 56. Kg5 {[%emt 0:00:25]} Kf7 {[%emt 0:00:11]} 57. e4 {[%emt 0:00:10]} Ne1 {[%emt 0:00:19]} 58. f5 {[%emt 0:00:09]} Nd3 {[%emt 0:00:26]} 59. e5 {[%emt 0:00:13]} Nc5 {[%emt 0:01:14]} 60. Kf4 {[%emt 0:00:18]} Ke7 {[%emt 0:00:14]} 61. Ke3 {[%emt 0:00:19]} Nb3 {[%emt 0:00:39]} 62. Ke4 {[%emt 0:00:07]} Nc5+ {[%emt 0:00:21]} 63. Kd4 {[%emt 0:00:06]} Na6 {[%emt 0:00:20]} 64. Nb6 {[%emt 0:00:27]} Kd8 {[%emt 0:04:38]} 65. Nd5 {[%emt 0:00:55]} Nb8 {[%emt 0:00:40]} 66. e6 {[%emt 0:00:10]} 1-0

[Event "XI Paracin Festival 2018"]
[Site "Paracin"]
[Date "2018.07.12"]
[Round "8"]
[White "Radovic, Luka"]
[Black "Vujacic, Borivoje"]
[Result "1/2-1/2"]
[WhiteElo "2344"]
[BlackElo "2213"]
[Annotator "NA"]
[PlyCount "134"]
[EventDate "2018.07.06"]
[EventType "swiss"]
[EventCountry "SRB"]
[SourceTitle "playchess.com"]
[Source "ChessBase"]
[SourceQuality "1"]
[TimeControl "5400+30"]

1. Nf3 {[%emt 0:00:00]} d5 {[%emt 0:00:00]} 2. c4 {[%emt 0:01:26]} dxc4 {[%emt 0:00:18]} 3. Qa4+ {[%emt 0:06:21]} Nc6 {[%emt 0:00:14]} 4. g3 {[%emt 0:07:54]} g6 {[%emt 0:08:50]} 5. Bg2 {[%emt 0:01:33]} Bg7 {[%emt 0:00:18]} 6. Qxc4 {[%emt 0:00:34]} e5 {[%emt 0:00:51]} 7. Nc3 {[%emt 0:08:03]} Nge7 {[%emt 0:00:15]} 8. d3 {[%emt 0:00:45]} O-O {[%emt 0:04:42]} 9. O-O {[%emt 0:01:58]} h6 {[%emt 0:05:44]} 10. Bd2 {[%emt 0:06:05]} Be6 {[%emt 0:02:09]} 11. Qa4 {[%emt 0:00:38]} Nd4 {[%emt 0:02:52]} 12. Rfc1 {[%emt 0:10:26]} c6 {[%emt 0:00:29]} 13. Qd1 {[%emt 0:07:59]} Re8 {[%emt 0:05:27]} 14. Ne4 {[%emt 0:04:58]} Bd5 {[%emt 0:05:10]} 15. Bc3 {[%emt 0:05:27]} b6 {[%emt 0:03:02]} 16. b4 {[%emt 0:03:58]} Qd7 {[%emt 0:02:10]} 17. Ned2 {[%emt 0:02:42]} Be6 {[%emt 0:05:49]} 18. Nc4 {[%emt 0:03:21]} Bxc4 {[%emt 0:21:26]} 19. dxc4 {[%emt 0:00:50]} Rad8 {[%emt 0:00:22]} 20. Nd2 {[%emt 0:05:02]} f5 {[%emt 0:01:28]} 21. e3 {[%emt 0:01:28]} Ne6 {[%emt 0:00:20]} 22. Qc2 {[%emt 0:03:33]} c5 {[%emt 0:02:11]} 23. Nb3 {[%emt 0:01:34]} cxb4 {[%emt 0:00:47]} 24. Bxb4 {[%emt 0:00:03]} e4 {[%emt 0:00:30]} 25. Rd1 {[%emt 0:02:43]} Qc7 {[%emt 0:00:29]} 26. Rac1 {[%emt 0:01:16]} Nc6 {[%emt 0:00:29]} 27. Ba3 {[%emt 0:00:46]} Ne5 {[%emt 0:04:52]} 28. Bf1 {[%emt 0:00:33]} Rxd1 {[%emt 0:01:28]} 29. Rxd1 {[%emt 0:00:38]} Nf3+ {[%emt 0:00:16]} 30. Kh1 {[%emt 0:00:56]} Rd8 {[%emt 0:00:10]} 31. c5 {[%emt 0:01:12]} Kh7 {[%emt 0:01:08]} 32. Be2 {[%emt 0:02:33]} Rxd1+ {[%emt 0:00:57]} 33. Qxd1 {[%emt 0:01:15]} Nxc5 {[%emt 0:00:51]} 34. Qd5 {[%emt 0:06:33]} Nxb3 {[%emt 0:01:00]} 35. Bc4 {[%emt 0:00:17]} Qc8 {[%emt 0:00:47]} 36. Bxb3 {[%emt 0:00:08]} h5 {[%emt 0:00:58]} 37. Kg2 {[%emt 0:00:37]} a6 {[%emt 0:03:02]} 38. h4 {[%emt 0:00:17]} b5 {[%emt 0:00:25]} 39. Bd6 {[%emt 0:01:06]} Qe8 {[%emt 0:02:34]} 40. Qb7 {[%emt 0:00:45]} a5 {[%emt 0:00:42]} 41. Bd5 {[%emt 0:01:04]} b4 {[%emt 0:02:31]} 42. Be7 {[%emt 0:00:40]} Ne5 {[%emt 0:01:39]} 43. Bc5 {[%emt 0:00:47]} Qd7 {[%emt 0:02:11]} 44. Qa8 {[%emt 0:00:27]} Nf7 {[%emt 0:02:54]} 45. Bb3 {[%emt 0:00:10]} Qc7 {[%emt 0:00:33]} 46. Qd5 {[%emt 0:00:25]} Nh6 {[%emt 0:00:22]} 47. Bc4 {[%emt 0:00:42]} Qe5 {[%emt 0:01:03]} 48. Qc6 {[%emt 0:00:55]} Qb2 {[%emt 0:01:11]} 49. Qb5 {[%emt 0:00:34]} Ng4 {[%emt 0:00:15]} 50. Be2 {[%emt 0:00:07]} Qxa2 {[%emt 0:00:36]} 51. Bxg4 {[%emt 0:00:04]} fxg4 {[%emt 0:00:57]} 52. Qb7 {[%emt 0:00:39]} Qe2 {[%emt 0:00:45]} 53. Bd4 {[%emt 0:00:48]} Qf3+ {[%emt 0:00:09]} 54. Kg1 {[%emt 0:00:01]} Qf8 {[%emt 0:00:21]} 55. Qa7 {[%emt 0:00:51]} b3 {[%emt 0:01:06]} 56. Bc5 {[%emt 0:01:00]} Qg8 {[%emt 0:00:57]} 57. Ba3 {[%emt 0:00:32]} Kh6 {[%emt 0:01:20]} 58. Qxa5 {[%emt 0:00:29]} b2 {[%emt 0:00:13]} 59. Bxb2 Bxb2 {[%emt 0:00:08]} 60. Qb4 {[%emt 0:00:35]} Qg7 {[%emt 0:01:28]} 61. Qxe4 {[%emt 0:00:05]} Qf6 {[%emt 0:00:41]} 62. Kg2 {[%emt 0:00:32]} Bc3 {[%emt 0:00:20]} 63. Kf1 {[%emt 0:01:01]} Qf3 {[%emt 0:00:38]} 64. Qe6 {[%emt 0:00:40]} Qh1+ {[%emt 0:00:58]} 65. Ke2 {[%emt 0:00:01]} Qe1+ {[%emt 0:00:10]} 66. Kd3 {[%emt 0:00:02]} Qd2+ {[%emt 0:00:20]} 67. Ke4 {[%emt 0:00:06]} Qc2+ {[%emt 0:00:22]} 1/2-1/2

[Event "XI Paracin Festival 2018"]
[Site "Paracin"]
[Date "2018.07.12"]
[Round "8"]
[White "Nestorovic, Dejan"]
[Black "Milanovic, Danilo"]
[Result "1/2-1/2"]
[WhiteElo "2341"]
[BlackElo "2471"]
[Annotator "TA"]
[PlyCount "140"]
[EventDate "2018.07.06"]
[EventType "swiss"]
[EventCountry "SRB"]
[SourceTitle "playchess.com"]
[Source "ChessBase"]
[SourceQuality "1"]

{[%evp 19,140,17,57,53,71,58,47,57,46,13,52,33,36,5,40,0,6,0,14,0,0,0,-6,-10,0,-5,-1,-6,38,39,45,42,16,16,45,29,18,0,191,22,166,0,0,0,2,0,0,0,0,-24,0,0,-2,-65,-54,-60,0,-14,-23,-88,-91,-88,-81,-141,-82,-95,-106,-206,-120,-314,-319,-300,-283,-258,-247,-315,-210,-133,-105,-108,-96,-107,-112,-182,-168,-140,0,0,0,-192,-23,-87,-7,-7,-8,-88,-25,-32,0,0,0,0,0,0,0,0,0,-404,-401,-583,-573,-12836,-12837,-12837,-12837,-12838,-12838,-12839,-12834,-12839,-12839,-12841,-12840]} 1. d4 Nf6 2. c4 c5 3. d5 b5 4. cxb5 a6 5. e3 axb5 6. Bxb5 Qa5+ 7. Nc3 Bb7 8. Bd2 Qb6 9. a4 {[%cal Ba2a4,Ba4a5][%mdl 32] A57: Benko/Volga Gambit} Nxd5 10. Nf3 Nc7 {LiveBook: 3 Games} (10... Qg6 11. O-O e6 12. a5 Nc7 13. e4 Nxb5 14. Nxb5 Na6 15. Re1 f6 16. Nh4 Qf7 17. Qb3 {1-0 (27) Adhiban,B (2650)-Ramirez Alvarez,A (2568) Reykjavik 2018}) 11. O-O {White is slightly better.} g6 $146 ({Predecessor:} 11... Nxb5 12. Nxb5 e6 13. Bc3 f6 14. Nh4 Qc6 15. Qg4 Na6 {1-0 (44) Gordievsky,D (2455)-Lomasov,S (2041) Kaliningrad 2013}) 12. e4 Bg7 13. a5 Qd6 14. Bc4 (14. e5 $5 Qe6 15. Be2 $16) 14... Ba6 15. Qb3 O-O 16. Na4 (16. e5 $5 Bxc4 17. Qxc4 $16 (17. exd6 Bxb3 18. dxc7 Na6 $11)) 16... Qc6 17. Nb6 Ra7 18. e5 Bxc4 19. Nxc4 d5 20. exd6 exd6 21. Bc3 d5 22. Bxg7 Kxg7 23. Nce5 $36 {[%mdl 2048] White has the initiative.} Qb5 24. Qc3 f6 25. Nd3 Nba6 26. Rfe1 d4 27. Qd2 Nd5 28. Rac1 Rc7 $2 {[#]} (28... Rd7 $1 $11 {and Black is okay.}) 29. h4 $2 ({White must play} 29. Nxc5 $1 $18 {[%mdl 512]} Nxc5 30. Nxd4) 29... Qd7 {[#]} (29... Rfc8 $11) 30. Nf4 $2 (30. b4 $1 $18 {[%mdl 512]}) 30... Nxf4 $11 31. Qxf4 Rf7 32. Nd2 Nb4 33. Qg3 Qd5 34. Nc4 Rfe7 (34... d3 {feels hotter.} 35. Red1 Rfe7 36. Ne3 Qh5 37. Qf4 Rc6) 35. Rxe7+ Rxe7 36. Qf3 ({White should play} 36. b3 $11) 36... Qxf3 $15 37. gxf3 {[%mdl 4096] Endgame KRN-KRN} Na6 (37... Ra7 $15) 38. Kf1 Kf7 39. Re1 (39. b3 $11) 39... Rxe1+ $1 $17 40. Kxe1 {KN-KN} Ke6 41. Kd2 (41. Ke2 $142) 41... Nb4 (41... h5 $142 42. Kd3 g5 43. hxg5 fxg5) 42. Nb6 Kd6 43. Nc4+ (43. Ke2 $17) 43... Kc6 (43... Kd5 $19 44. Nb6+ Kc6) 44. b3 $2 (44. Nb6 $17 {might work better.}) 44... f5 $19 45. Ne5+ Kb5 46. Nd7 Na6 $1 ({Weaker is} 46... Kxa5 47. Nxc5 Nc6 48. Ne6 $11) 47. Nf8 Kb4 48. Kc2 {[#]} d3+ $1 {[%mdl 512]} 49. Kxd3 Kxb3 50. Ne6 c4+ 51. Ke3 (51. Kd4 $17) 51... c3 52. Nd4+ Kc4 (52... Kb2 $1 $17 {And now ...Nb4 would win.} 53. Kf4 Nc7) 53. Ne2 $1 $11 Nb4 {[%cal Rb4d5]} (53... c2 {is more complex.} 54. Kd2 Nb4 55. Nc1 Nc6 56. a6 Kb5) 54. Nc1 $2 {[#]} (54. Nxc3 $1 $11 Kxc3 55. Kf4) 54... Nd5+ (54... f4+ $1 $19 {[%mdl 512] is more deadly.} 55. Ke2 (55. Kxf4 Nd3+) 55... Kb5) 55. Ke2 $17 {[#]} Nf4+ (55... Nc7 $1 $17) 56. Kd1 $11 Kb5 57. Nb3 (57. Kc2 $11 {remains equal.}) 57... Ng2 (57... Nd5 $17 58. Kc2 Kc4) 58. Kc2 $1 Nxh4 (58... Kb4 $5 {[%cal Rg2e1]} 59. Nd4 Kxa5 $17) 59. Kxc3 Nxf3 {...Ng5 is the strong threat.} 60. Kd3 Ng5 {Hoping for ...Ne6.} 61. Kd4 $1 Ne4 62. f3 Ng5 63. Nd2 $2 {[%mdl 8192]} (63. Ke5 $1 $11) 63... Kxa5 $19 64. Ke5 (64. Kc5 {was the only chance.}) 64... Kb4 {Black is clearly winning.} 65. f4 Kc3 66. Nb1+ Kb2 67. Nd2 Kc2 68. Nc4 Ne4 69. Ke6 Kd3 70. Kd5 Nc3+ {[%mdl 32768] Precision: White = 40%, Black = 47%. . An unexpected result.} 1/2-1/2

[Event "XI Paracin Festival 2018"]
[Site "Paracin"]
[Date "2018.07.12"]
[Round "8"]
[White "Petrov, Georgi P"]
[Black "Arsovic, Zoran"]
[Result "0-1"]
[WhiteElo "2320"]
[BlackElo "2436"]
[Annotator "NA RC"]
[PlyCount "87"]
[EventDate "2018.07.06"]
[EventType "swiss"]
[EventCountry "SRB"]
[SourceTitle "playchess.com"]
[Source "ChessBase"]
[SourceQuality "1"]
[TimeControl "5400+30"]

1. Nf3 {[%emt 0:00:00]} Nf6 {[%emt 0:00:00]} 2. c4 {[%emt 0:00:00]} g6 {[%emt 0:00:18]} 3. g3 {[%emt 0:00:01]} Bg7 {[%emt 0:01:10]} 4. Bg2 {[%emt 0:00:05]} O-O {[%emt 0:00:18]} 5. O-O {[%emt 0:00:06]} d6 {[%emt 0:00:08]} 6. d4 {[%emt 0:00:12]} Nbd7 {[%emt 0:01:41]} 7. Nc3 {[%emt 0:01:05]} e5 {[%emt 0:00:28]} 8. h3 {[%emt 0:01:23]} exd4 {[%emt 0:01:31]} 9. Nxd4 {[%emt 0:00:27]} Re8 {[%emt 0:00:31]} 10. b3 {[%emt 0:01:15]} Nc5 {[%emt 0:03:01]} 11. Bb2 {[%emt 0:03:30]} c6 {[%emt 0:02:14]} 12. Qc2 {[%emt 0:04:43]} a5 {[%emt 0:04:00]} 13. Rad1 {[%emt 0:06:16]} Qb6 {[%emt 0:04:40]} 14. Rd2 {[%emt 0:06:02]} a4 {[%emt 0:01:37]} 15. Rfd1 {[%emt 0:01:10]} axb3 {[%emt 0:01:11]} 16. axb3 {[%emt 0:01:58]} h5 {[%emt 0:02:29]} 17. e3 {[%emt 0:02:14]} Nh7 {[%emt 0:05:42]} 18. Nb1 {[%emt 0:12:47]} Ng5 {[%emt 0:03:24]} 19. Kh2 {[%emt 0:00:14]} Nge4 {[%emt 0:10:38]} 20. Re2 {[%emt 0:00:07]} Ra2 {[%emt 0:01:29]} 21. Nc3 {[%emt 0:11:21]} Nxc3 {[%emt 0:00:43]} 22. Qxc3 {[%emt 0:00:05]} Nxb3 {[%emt 0:10:21]} 23. Qxb3 {[%emt 0:01:09]} Qxb3 {[%emt 0:00:09]} 24. Nxb3 {[%emt 0:00:04]} Rxb2 {[%emt 0:00:07]} 25. Rxb2 {[%emt 0:00:12]} Bxb2 {[%emt 0:00:07]} 26. Rxd6 {[%emt 0:00:10]} h4 {[%emt 0:00:30]} 27. Rd2 {[%emt 0:01:27]} hxg3+ {[%emt 0:02:04]} 28. Kxg3 {[%emt 0:00:31]} Bf6 {[%emt 0:02:02]} 29. Nc5 {[%emt 0:04:29]} Be7 {[%emt 0:07:30]} 30. Nb3 {[%emt 0:06:00]} Be6 {[%emt 0:00:39]} 31. Bf1 {[%emt 0:00:59]} Ra8 {[%emt 0:04:27]} 32. Nd4 {[%emt 0:01:02]} Bc8 {[%emt 0:00:13]} 33. Rb2 {[%emt 0:01:19]} Ra1 {[%emt 0:02:29]} 34. Be2 {[%emt 0:01:58]} Kf8 {[%emt 0:03:03]} 35. Kg2 {[%emt 0:01:14]} Ke8 {[%emt 0:00:46]} 36. Rd2 {[%emt 0:04:26]} Rc1 {[%emt 0:01:25]} 37. Ra2 {[%emt 0:05:51]} Kd8 {[%emt 0:04:35]} 38. Ra4 {[%emt 0:02:01]} Rc3 {[%emt 0:02:20]} 39. Bg4 {[%emt 0:03:58]} f5 {[%emt 0:00:54]} 40. Bd1 {[%emt 0:00:17]} Bf6 {[%emt 0:04:06]} 41. Ne2 {[%emt 0:01:48]} Rd3 {[%emt 0:00:37]} 42. Bc2 Rd1 43. Nd4 Rd3 44. Bxd3 0-1